000 01047nmc a2200373 a 4500
003 AR-BaBNM
005 20251128203328.0
008 148019s1980 ||||||||||||||000 | spa||
020 _a84-7509-023-0
040 _cAR-BaBNM
100 1 _aChinoy, Ely
245 1 0 _aIntroducción a la sociología
_bconceptos básicos y aplicaciones
260 _aBarcelona
_bPaidós
_c1980
300 _a116 p.
490 0 _aStudio
_vv. 5
500 _aLista de lecturas seleccionadas p. 105-106
504 _aContiene bibliografía en castellano en p. 107-116
650 4 _aSOCIOLOGIA CULTURAL
650 4 _aHISTORIA
650 4 _aSOCIOLOGIA
650 4 _aDINAMICA CULTURAL
650 4 _aFILOSOFIA CULTURAL
650 4 _aMEDIO CULTURAL
650 4 _aCONCEPTOS
650 4 _aINSTITUCIONES
650 4 _aESTUDIOS SOCIALES
650 4 _aSISTEMAS SOCIALES
650 4 _aGRUPOS
650 4 _aPSICOLOGIA SOCIAL
700 1 _aCantón, Darío Julio
_etraductor
700 1 _aPage, Charles H.
_eprologuista
942 _cBK
998 _cMariana
999 _c2925
_d2925